Logo Quiz Level 5 - Statistics

General Stats
  • This quiz has been taken 50 times
  • The average score is 13 of 16
Answer Stats
Picture Answer % Correct
Los Angeles Lakers
97%
Sprite
95%
Philips
92%
PlayStation
89%
Wikipedia
89%
Xbox
89%
YouTube
89%
Google
87%
NBA
87%
Nikon
82%
Roblox
82%
TVP Info
76%
West Bromwich Albion
76%
Los Angeles Rams
47%
Cartoonito
42%
Baraem
39%
No matching quizzes found
Score Distribution
Percent of People with Each Score
Percentile by Number Answered
Your Score History
You have not taken this quiz